[Event "Wch FIDE Online U10 Girls Europe qual"]
[Site "Tornelo INT"]
[Date "2020.12.08"]
[Round "3"]
[White "Khomytska, Kateryna"]
[Black "Moscovitch, Ronnie"]
[Result "1-0"]
[WhiteElo "1338"]
[BlackElo "1015"]
[PlyCount "109"]
[EventDate "2020.12.07"]
[EventType "swiss (rapid)"]
[EventRounds "7"]
[EventCountry "ISS"]
[SourceTitle "EXT 2022"]
[Source "ChessBase"]
[SourceDate "2021.10.06"]
[SourceVersion "1"]
[SourceVersionDate "2021.10.06"]
[SourceQuality "1"]

1. e4 c5 2. Nf3 d6 3. d4 cxd4 4. Nxd4 Nf6 5. Nc3 a6 6. Be2 e5 7. Nb3 Be6 8. 0-0 Be7 9. Be3 Nbd7 10. h3 0-0 11. Qd2 b5 12. a3 Qc7 13. f4 exf4 14. Bxf4 Rac8 15. Rad1 Qb6+ 16. Qd4 Rfd8 17. Qxb6 Nxb6 18. Rd2 Nc4 19. Bxc4 Bxc4 20. Rfd1 Rc6 21. Nd4 Rb6 22. Nf5 Bf8 23. Nxd6 Bxd6 24. Rxd6 Rbxd6 25. Rxd6 Re8 26. e5 Nh5 27. Bh2 g6 28. Rd1 Ng7 29. g4 Ne6 30. b3 b4 31. a4 bxc3 32. bxc4 Rc8 33. Rd3 Rxc4 34. a5 Rc7 35. Kf2 Kf8 36. Ke3 Ke7 37. Ke4 Rc5 38. Ke3 Rc6 39. Bg3 Rc5 40. Be1 Rxa5 41. Bxc3 Rc5 42. Bb4 a5 43. Bxc5+ Nxc5 44. Ra3 a4 45. c4 Ke6 46. Kd4 Nb3+ 47. Kc3 Nc5 48. Kb4 Nb3 49. Kxa4 Nc5+ 50. Kb5 Nd7 51. Ra6+ Ke7 52. Kc6 Kd8 53. Kd6 Ke8 54. Ra8+ Nb8 55. Rxb8# 1-0